000 00577nam a2200229Ia 4500
005 20241216010518.0
008 180423s9999||||xx |||||||||||||| ||und||
020 _a968-24-3478-5
082 _a574
_bW21
100 _aWALLACE, ROBERT A.
245 0 _aEVOLUCION Y MICRO-ORGANISMOS
_bLA CIENCIA DE LA VIDA
250 _a0
260 _aMEXICO
_bTRILLAS
_c1990
300 _a180 pag
_c25 cm
341 _h0
490 _v0
_a0
505 _aBIOLOGIA-EVOLUCION/MICROORGANISMOS
541 _d11-Oct-01
650 _aCIENCIAS PURAS
856 _zCC. Puras
942 _cLIBRO
999 _c16461
_d16461